书目信息 |
| 题名: |
入党必读
|
|
| 作者: | 卞国林 主编 | |
| 分册: | ||
| 出版信息: | 长春 东北师范大学出版社 1993 |
|
| 页数: | 246页 | |
| 开本: | 19cm | |
| 丛书名: | ||
| 单 册: | ||
| 中图分类: | D219 | |
| 科图分类: | 33.121 | |
| 主题词: | ||
| 电子资源: | ||
| ISBN: | 7-5602-1273-5 | |
| 000 | 00603nam0 2200217 45 | |
| 001 | 0194025765 | |
| 005 | 20070708083940.06 | |
| 010 | @a7-5602-1273-5@dCNY5.80 | |
| 100 | @a19940711d1993 em y0chiy0121 ea | |
| 101 | 0 | @achi |
| 102 | @aCN@b220000 | |
| 105 | @ay z 000yy | |
| 200 | 10 | @a入党必读@ARU DANG BI DU@f卞国林等主编@Fbian guo lin deng zhu bian |
| 210 | @a长春@c东北师范大学出版社@d1993 | |
| 215 | @a246页@d19cm | |
| 601 | 02 | @a中国共产党@x基本知识 |
| 690 | @aD219@v三版 | |
| 692 | @a33.121 | |
| 701 | 0 | @a卞国林@Abian guo lin@4主编 |
| 801 | 0 | @aCN@bTSSF@c20070708 |
| 905 | @a10447@dD219@e117 | |
| 入党必读/卞国林等主编.-长春:东北师范大学出版社,1993 |
| 246页;19cm |
| ISBN 7-5602-1273-5:CNY5.80 |
| ● |
| 相关链接 |
|
|
|
|
正题名:入党必读
索取号:D219/117
 
预约/预借
| 序号 | 登录号 | 条形码 | 馆藏地/架位号 | 状态 | 备注 |
| 1 | 0765782 | 207657828 | 第一样本阅览室/ [索取号:D219/117] | 在馆 |